UFC Quiz for Hardcores - Statistics

General Stats
  • This quiz has been taken 55 times
  • The average score is 7 of 15
Answer Stats
Hint Answer % Correct
In which round did that fight finish 2
81%
How many times, that the public knows of, has Jon Jones been arrested 6
73%
''I got one name on my mind, ...'' Connor McGregor
65%
Which ginger UFC commentator was previously a lightweight contender Felder
59%
Who did BSD defeat with a headkick at UFC 295 Frevola
54%
In which promotion did Jose Aldo fight right before the joining the UFC WEC
49%
Which football player has been seen training and supporting Illia Topuria Sergio Ramos
41%
Which UFC referee has a very long and distinct beard Beltran
38%
Who debuted and knocked out Andreas Michailidis Alex Pereira
32%
On which UFC card did we see the return of the BMF belt after 3 years UFC 291
32%
What does Tom Aspinall dip his knuckles into in order to toughen them up Petrol
30%
Ian Garry's wife wrote a book, its title is 'How to be a ...' Wag
30%
Who did Edson Barboza knockout via Spinning Hook kick Terry Etim
24%
Stoolgate took place during the bout between Yoel Romero and what other fighter Tim Kennedy
24%
Who won the first fight on UFC 300 Figueiredo
22%
No matching quizzes found
Score Distribution
Percent of People with Each Score
Percentile by Number Answered
Your Score History
You have not taken this quiz